Państwa, które powstały po rozpadzie Jugosławii - Statystyki

Ogólne statystyki
  • Ten quiz został rozwiązany 111 razy
  • Średni wynik to 7 z 7
Statystyki odpowiedzi
Państwa % Poprawnych
Chorwacja
99%
Bośnia i Hercegowina
94%
Czarnogóra
94%
Serbia
94%
Kosowo
91%
Macedonia Północna
90%
Słowenia
87%
Nie znaleziono quizów pasujących do podanych kryteriów
Rozkład punktacji
Procent ludzi z każdym wynikiem
Percentyl według liczby udzielonych odpowiedzi
Twoja historia wyników
Nie rozwiązałeś tego quizu